00791nam a2200217 a 450000100100000000500170001000800410002704000250006808200170009310000470011024500460015726000380020330000210024150400330026259000260029565000290032165100530035091000380040395201150044199900170055600002550420240422203112.0110217s2004 dr r 000 0 spa d aDO-SdBNPbspacBNPHU a362.8bS939p1 aSuárez Germán, Pedro A.,d1947-95214710aProblema sociales /cPedro A. Suárez G. aSanto Domingo :bLozano,c[s.f.]. a112 p. ;c22 cm. aBibliografía : p. 111-112. aInventariado, 2018/BT 0aProblemas sociales99290 4aRepública DominicanaxCondiciones Sociales946 aValidado. Control de calidad. EMS 0010718PDaPDbPDcHDd2011-02-17iLF1l0o362.8 S939pp25504-10r2020-06-25w2020-06-25yLFPDZNo se presta c24996d24996